000 00353nam a2200145Ia 4500
008 230917s9999||||xx |||||||||||||| ||und||
040 _e6648
_aMAIN
041 _aEnglish
082 _a155.5 D944A
100 _aDusek, Jerome B
245 0 _aAdloscent development and behavior
260 _aChicago
_bSRA
_c1977
300 _axi, 435 p.
942 _cBK
999 _c206914
_d206914